00910nas a2200277 4500001001300000003000900013005001700022007000300039008003400042040005400076041000900130072001800139100001800157100002000175100001500195100001700210100001700227100001800244245009800262650002000360650001100380650002500391650002200416773013400438856006000572BR2013000139BR-BrBNA20231205121750.0ta230509b bl.|||p| |||| 00| 00por d aBR-BrBNAbporcBiblioteca Nacional de Agricultura a(Es) aP06; Q70; P101 aPlevich, J.O.1 aDelgado, A.R.S.1 aSaroff, C.1 aTarico, J.C.1 aCrespi, R.J.1 aBarotto, O.M.1 aEl cultivo de alfafa utilizando agua de perforación, agua residual urbana y precipitaciones aMEDICAGO SATIVA aFILTRO aTRATAMENTO DE ÁGUA aÁGUAS RESIDUAIS0 tRevista Brasileira de Engenharia Agrícola e Ambiental (Brazil)xISSN 1807-1929g(Dec 2012), v.16(12) p. 1353-1358wBR201300013940uhttp://www.agriambi.com.br/revista/v16n12/v16n12a13.pdf